| 000 | 00568nam a22001937a 4500 | ||
|---|---|---|---|
| 003 | NUST | ||
| 005 | 20230210144355.0 | ||
| 008 | 190720b ||||| |||| 00| 0 eng d | ||
| 020 | _qHardcover. | ||
| 038 | _aAttaullah. | ||
| 082 | _a658 | ||
| 100 |
_aJamshan, Walia _918206 |
||
| 245 |
_aCapital Market Development and Other Determinants of Economic Growth in Pakistan _cWalia Jamshan. |
||
| 260 |
_aIslamabad : _bNBS - NUST, _c2015. |
||
| 300 |
_a26 p. : ill. ; _c30cm. |
||
| 650 |
_aMBA Thesis. _917629 |
||
| 700 |
_aMs. Sadia Irfan. _918207 |
||
| 942 |
_2ddc _cTHE |
||
| 999 |
_c527105 _d527105 |
||